00358nam a2200133Ia 4500008004100000020001500041041001200056082001100068100002100079245006900100260003100169300000800200650001600208221030s9999 xx 000 0 und d a8170083109 aEnglish a105.23 aS. K. Venkataram 0aAdvanced Microprocessors & Microcontrollerscby S. K. Venkataram bLaxmi PubaNew Delhic2006 a503 aBE Computer